00341nam a2200121 a 4500008004100000050001500041100002300056245002600079246004000105260004200145300002300187350000900210120416s1983 ||||||||||||||||| || u aT 57.8 Mac aMcCormick, Garth P10aNonlinear programming atheory, algorithms and applications aNew YorkbJohn Wiley and Sonsc[1983] axvii, 444p. : ill. a0.00